01729nam a22002897a 4500008004100000041001300041084003100054100003100085110009900116240011300215245023000328260001500558300001700573500001600590502005000606520001200656653001900668653003000687653003000717653004100747653004900788740044100837856003101278942000901309952010401318999001701422130116t mp ||||| |||| 00| 0 mon d amonhmon 2othera28.693.36bН-29q61 aНаранбаатар Г. aБФ-Амьтан судлалын тэнхимbМонгол Улсын Их Сургууль aМУИС-ийн дотоод сүлжээнээс электрон байдлаар харж болно.1 aАр өнжүүлийн салбар уулсын ховор хөхтөн амьтад, хамгаалах арга зам.-bМагистрын ажил: Е 420203cУдир.Батсайхан Н., Шүүмж. Шар С. aУБc2008 a51 хууд. aДип-2664 cМонгол Улсын Их Сургууль aEnglish aбиологи aамьтан судлал aхөхтөн амьтан aховордсон ан амьтан aмагистрын дипломын ажил aБайгаль, уур амьсгалын онцлогa Хөхтөн амьтдын зүйлийн олон янз байдалaЗүйлийн олон янз байдлыг хамгаалах аргаaБайгаль, уур амьсгалын онцлогa Хөхтөн амьтдын зүйлийн олон янз байдалaЗүйлийн олон янз байдлыг хамгаалах арга apublic/d302664/index.html cCASS 001040630266470aERDbERDd2013-01-16g5000.00l1o302664p2013-1157r2018-07-05s2018-07-03yMS c93882d93939